LEADER 01308oam 2200373z- 450 001 9910689684903321 005 20161209102111.0 035 $a(CKB)5470000000935055 035 $a(WsH)cbhnovembercabczdt 035 $a(BIP)008926376 035 $a(EXLCZ)995470000000935055 100 $a20211006c2003uuuu -u- - 101 0 $aeng 200 10$aHomeland security $esecuring strategic ports : hearing before the Subcommittee on National Security, Veterans Affairs and International Relations of the Committee on Government Reform, House of Representatives, One Hundred Seventh Congress, second session, July 23, 2002 215 $a1 online resource (iii, 82 p.) $cill 311 $a0-16-070398-0 517 $aHomeland security 606 $aHarbors$xSecurity measures$zUnited States 606 $aNational security$zUnited States 606 $aTerrorism$zUnited States$xPrevention 610 $aUnited States 610 $aHarbors 610 $aNational security 610 $aTerrorism 610 $aHistory 610 $aTransportation 610 $aPolitical science 615 0$aHarbors$xSecurity measures 615 0$aNational security 615 0$aTerrorism$xPrevention. 906 $aBOOK 912 $a9910689684903321 996 $aHomeland Security$91686681 997 $aUNINA